000 00622nam a22002057a 4500
003 OSt
005 20260422063815.0
008 260422b |||||||| |||| 00| 0 eng d
040 _aDWC-Main Lib.
_cOC
082 _aFil. 170 D34e 1993
100 _aDe Castro, Leonardo D. PH.D.
245 _aEthics and logic:
_bbasic concepts/
_cLeonardo D. De Castro, PH.D.
260 _aQ.C.:
_bKatha Publishing Co., Inc.,
_cc1993.
300 _ax, 223 p. ;
_c25 cm.
500 _aIncludes appendix.
650 _a1. Ethics.
650 _a2. Logic.
700 _aDe Villa, Agerico M. M.A.
942 _2ddc
_cBK - FIL
_hFil.
_n0
999 _c9702
_d9702